| 000 | 01487cam a22003377a 4500 | ||
|---|---|---|---|
| 001 | 13922159 | ||
| 003 | NUST-PNEC | ||
| 005 | 20170116180703.0 | ||
| 008 | 050406s2003 enkaf bf 001 0 eng d | ||
| 010 | _a 2005273578 | ||
| 020 | _a1902916468 | ||
| 035 | _a(OCoLC)ocm55116564 | ||
| 040 |
_aHUA _cPNEC |
||
| 042 | _alccopycat | ||
| 050 | 0 | 0 |
_aTH7414 _b.S6625 2003 |
| 082 | 0 | 0 |
_a697.7803 WEI _22 |
| 245 | 0 | 0 |
_aSolar heating systems for houses : _ba design handbook for solar combisystems / _ceditor, Werner Weiss. |
| 246 | 3 | 0 | _aDesign handbook for solar combisystems |
| 260 |
_aLondon : _bJames & James, _cc2003. |
||
| 300 |
_axii, 313 p., [16] p. of plates : _bill. (some col.) ; _c24 cm. |
||
| 500 | _a"International Energy Agency, Solar Heating & Cooling Programme." http://www.amazon.com/Solar-Heating-Systems-Houses-Combisystems/dp/1902916468/ref=sr_1_1?ie=UTF8&qid=1410595413&sr=8-1&keywords=1902916468 | ||
| 504 | _aIncludes bibliographical references and index. | ||
| 650 | 0 |
_aSolar houses _vHandbooks, manuals, etc. |
|
| 650 | 0 |
_aSolar heating _vHandbooks, manuals, etc. |
|
| 700 | 1 | _aWeiss, Werner W. | |
| 710 | 2 |
_aInternational Energy Agency. _bSolar Heating and Cooling Programme. |
|
| 856 | 4 | 1 |
_3Table of contents _uhttp://www.loc.gov/catdir/toc/fy0606/2005273578.html |
| 906 |
_a7 _bcbc _ccopycat _d2 _encip _f20 _gy-gencatlg |
||
| 942 |
_2ddc _cREF |
||
| 999 |
_c60620 _d60620 |
||